The evaluation of 5-amino- and 5-hydroxyuracil derivatives as potential quadruplex-forming agents

Elmentve itt :
Bibliográfiai részletek
Szerzők: Paragi Gábor
Kupihár Zoltán
Endre Gábor
Guerra Célia Fonseca
Kovács Lajos
Dokumentumtípus: Cikk
Megjelent: 2017
Sorozat:Organic and Biomolecular Chemistry 15 No. 10
doi:10.1039/C6OB02574A

mtmt:3151358
Online Access:http://publicatio.bibl.u-szeged.hu/10477
LEADER 00956nab a2200241 i 4500
001 publ10477
005 20190612093446.0
008 170626s2017 hu o 0|| zxx d
024 7 |a 10.1039/C6OB02574A  |2 doi 
024 7 |a 3151358  |2 mtmt 
040 |a SZTE Publicatio Repozitórium  |b hun 
041 |a zxx 
100 1 |a Paragi Gábor 
245 1 4 |a The evaluation of 5-amino- and 5-hydroxyuracil derivatives as potential quadruplex-forming agents  |h [elektronikus dokumentum] /  |c  Paragi Gábor 
260 |c 2017 
300 |a 2174-2184 
490 0 |a Organic and Biomolecular Chemistry  |v 15 No. 10 
700 0 1 |a Kupihár Zoltán  |e aut 
700 0 1 |a Endre Gábor  |e aut 
700 0 1 |a Guerra Célia Fonseca  |e aut 
700 0 1 |a Kovács Lajos  |e aut 
856 4 0 |u http://publicatio.bibl.u-szeged.hu/10477/1/advance_article_c6ob02574a.pdf  |z Dokumentum-elérés  
856 4 0 |u http://publicatio.bibl.u-szeged.hu/10477/7/Organic_Biomolecular_Chem_2017_10_tartj.pdf  |z Dokumentum-elérés